000 00619nam a2200217 a 4500
005 20200104041523.0
008 140310b1997 ck |||||rm||| 00| 0 spa d
040 _aCO-BoIAVH
_cCO-BoIAVH
041 _aspa
044 _ack
090 _aTE
_b0076
100 _aLozano Guerrero, Carlos Enrique
245 _aCampaña publicitaria de educación ambiental en biodiversidad
260 _aBogotá
_bInstituto Alexander von Humboldt
_c1997
300 _a53 p.
650 _aEducación ambiental
650 _aBiodiversidad
650 _aPublicidad
662 _aColombia
942 _cTESIS
_2z
999 _c1681
_d1681